Bibliografia de J. Massó i Torrents : professor a l'Escola de Bibliotecàries / per les alumnes de les promocions setzena i dissetena professor a l'Escola de Bibliotecàries / per les alumnes de les promocions setzena i dissetena
Descripción Física:
48 p. ; 21 cm
Colección:
Quaderns de Treball ; 2
Materias:
Massó Torrents, Jaume -- Bibliografia
MARC
| LEADER | 00000nam a2200000Ia 4500 | ||
|---|---|---|---|
| 001 | 8744 | ||
| 008 | 160829s1934 xx 000 0 cat d | ||
| 080 | |a RF-6-41 | ||
| 245 | |a Bibliografia de J. Massó i Torrents : |b professor a l'Escola de Bibliotecàries / per les alumnes de les promocions setzena i dissetena | ||
| 260 | |a Barcelona : |b Escola de Bibliotecàries de la Generalitat de Catalunya, |c 1934 | ||
| 300 | |a 48 p. ; |c 21 cm | ||
| 490 | |a Quaderns de Treball ; 2 | ||
| 650 | |a Massó Torrents, Jaume |x Bibliografia |9 28829 | ||
| 710 | 2 | |a Escola de Bibliotecàries |9 54304 | |
| 856 | 4 | |u https://media.diba.cat/diba/fitxers/arxiu/fulletons/bib_8744_1934_baixa.pdf |y Accés lliure | |
| 856 | 4 | |u https://media.diba.cat/diba/fitxers/arxiu/fulletons/bib_8744_1934_baixa.pdf |y Accés lliure | |
| 901 | |a Arxiu | ||
| 942 | |n 1 |2 udc | ||
| 952 | |0 0 |1 0 |4 0 |6 RF641 |7 1 |9 44953 |a Arxiu |b Arxiu |d 2016-12-01 |l 0 |o RF-6-41 |p 8744 |r 2016-12-01 00:00:00 |w 2016-12-01 |y ARXIU | ||
| 999 | |c 47552 |d 47552 | ||
| 900 | |a bib_8744_1934_baixa.pdf | ||